000 00400nam a2200145Ia 4500
008 100122s9999 xx 000 0 und d
082 _b37261
_a823
100 _aवैद्य सुरेश
245 _aफीलिंग
260 _bदिलीपराज प्रकाशन
_c1905
300 _a208
630 _aफीलिंग
730 _aफीलिंग
942 _cBOOK
999 _c419721
_d419718